| 000 | 01190nam a22003257a 4500 | ||
|---|---|---|---|
| 003 | CHAP | ||
| 005 | 20220329135755.0 | ||
| 008 | 971013s1978 mx r 00010 spa d | ||
| 010 | _a41862 | ||
| 011 | _a42834 | ||
| 035 | _a46964 | ||
| 040 | _cCHAP | ||
| 082 | 0 | 0 |
_a025.33 _bE82 1978 |
| 100 | 0 | 0 |
_aEscamilla González, Gloria. _937436 |
| 245 | 1 | 0 |
_aLista de encabezamientos de materia _c/por Gloria Escamilla González |
| 250 | _a2 ed. | ||
| 260 |
_aMéxico, D. F. : _bUNAM. Instituto de Investigaciones Bibliográficas, _c1978 |
||
| 300 | _av. | ||
| 505 | _aContenido : v.1 (A-DZI), v.2 (EDT-MYS), v.3 (NAA-Z) | ||
| 590 |
_aBATCH-UPD _b10 _c20130110 _lUCH01 _h1653 |
||
| 590 |
_aBATCH-UPD _b10 _c20130410 _lUCH01 _h1042 |
||
| 590 |
_aBATCH-UPD _b10 _c20130914 _lUCH01 _h1303 |
||
| 590 |
_aCONVERSION _b10 _c20130109 _lUCH01 _h1323 |
||
| 650 | 1 | 4 |
_aEncabezamientos de materia. _936718 |
| 901 | _aBK | ||
| 942 | _cLIBRO | ||
| 949 |
_a025.33 E82 1978 _bBC _cB _d33724000617601 _eB _fv.1 _gI.126858 _h114087 _i46964 _sb |
||
| 949 |
_a025.33 E82 1978 _bBC _cB _d33724000617718 _eB _fv.3 _gI.126858 _h114089 _i46964 _sb |
||
| 949 |
_a025.33 E82 1978 _bBC _cB _d33724000617726 _eB _fv.2 _gI.126858 _h114088 _i46964 _sb |
||
| 999 |
_c41862 _d41862 |
||